Statistics for Every Minecraft Ore

Click here to take the quiz!

General Stats

  • This quiz has been taken 84 times
  • The average score is 8 of 10

Answer Stats

Answer% Correct
Gold
98%
Iron
95%
Diamond
94%
Emerald
91%
Copper
86%
Coal
83%
Lapis Lazuli
75%
Quartz
75%
Red stone
73%
Netherite
53%

Score Distribution

Percentile by Number Answered

Percent of People with Each Score

Your Score History

You have not taken this quiz